[Event "Najdorf Memorial"]
[Site "Warsaw POL"]
[Date "2021.07.12"]
[Round "3.3"]
[White "Dragun, Kamil"]
[Black "Reza, Wojciech"]
[Result "1-0"]
[WhiteElo "2557"]
[BlackElo "2304"]
[EventDate "2021.07.10"]
[PlyCount "79"]
[LiveChessVersion "1.4.8"]

1.Nf3 {[%clk 1:30:52]} 1...d5 {[%clk 1:29:59]} 2.g3 {[%clk 1:31:12]} 2...c5
{[%clk 1:29:16]} 3.Bg2 {[%clk 1:31:27]} 3...g6 {[%clk 1:28:49]} 4.O-O {[%clk
1:30:23]} 4...Bg7 {[%clk 1:29:08]} 5.d4 {[%clk 1:30:01]} 5...cxd4 {[%clk
1:24:59]} 6.Nxd4 {[%clk 1:30:20]} 6...e5 {[%clk 1:24:57]} 7.Nb3 {[%clk 1:30:38]}
7...Ne7 {[%clk 1:25:23]} 8.c4 {[%clk 1:30:39]} 8...d4 {[%clk 1:25:49]} 9.e3
{[%clk 1:30:41]} 9...O-O {[%clk 1:25:43]} 10.exd4 {[%clk 1:30:59]} 10...exd4
{[%clk 1:26:09]} 11.Re1 {[%clk 1:31:13]} 11...Nec6 {[%clk 1:17:31]} 12.Bf4
{[%clk 1:27:08]} 12...g5 {[%clk 1:14:15]} 13.Bxb8 {[%clk 0:57:23]} 13...Rxb8
{[%clk 1:14:27]} 14.N1d2 {[%clk 0:57:42]} 14...Nb4 {[%clk 0:53:07]} 15.Ne4
{[%clk 0:44:10]} 15...d3 {[%clk 0:23:25]} 16.Rb1 {[%clk 0:36:11]} 16...Nc2
{[%clk 0:15:34]} 17.Rf1 {[%clk 0:35:39]} 17...Be6 {[%clk 0:15:25]} 18.Nbc5
{[%clk 0:29:31]} 18...Bxc4 {[%clk 0:14:07]} 19.b3 {[%clk 0:29:40]} 19...Bb5
{[%clk 0:13:07]} 20.a4 {[%clk 0:29:37]} 20...Bc6 {[%clk 0:07:30]} 21.Nxd3
{[%clk 0:29:45]} 21...Rc8 {[%clk 0:05:36]} 22.Rc1 {[%clk 0:20:24]} 22...Nd4
{[%clk 0:05:30]} 23.Nb4 {[%clk 0:19:43]} 23...Bd7 {[%clk 0:01:33]} 24.Rxc8
{[%clk 0:06:49]} 24...Bxc8 {[%clk 0:02:01]} 25.Qh5 {[%clk 0:07:10]} 25...g4
{[%clk 0:01:08]} 26.Nd5 {[%clk 0:04:53]} 26...f5 {[%clk 0:01:11]} 27.Nc5 {[%clk
0:03:01]} 27...b6 {[%clk 0:00:43]} 28.Re1 {[%clk 0:02:22]} 28...Bf6 {[%clk
0:00:36]} 29.Nd3 {[%clk 0:01:58]} 29...Be6 {[%clk 0:00:32]} 30.Rxe6 {[%clk
0:02:23]} 30...Nxe6 {[%clk 0:00:56]} 31.Qxf5 {[%clk 0:02:51]} 31...Nc5 {[%clk
0:00:33]} 32.Nxc5 {[%clk 0:01:48]} 32...bxc5 {[%clk 0:00:57]} 33.Be4 {[%clk
0:02:11]} 33...Rf7 {[%clk 0:00:45]} 34.Qxg4+ {[%clk 0:02:23]} 34...Kh8 {[%clk
0:00:34]} 35.Qe6 {[%clk 0:02:46]} 35...Qf8 {[%clk 0:00:33]} 36.Kg2 {[%clk
0:02:15]} 36...Bd4 {[%clk 0:00:54]} 37.f4 {[%clk 0:02:40]} 37...Rb7 {[%clk
0:00:32]} 38.Bc2 {[%clk 0:02:21]} 38...c4 {[%clk 0:00:34]} 39.bxc4 {[%clk
0:01:25]} 39...Qc5 {[%clk 0:00:32]} 40.Qf5 {[%clk 0:30:35]} 1-0

[Event "Najdorf Memorial"]
[Site "Warsaw POL"]
[Date "2021.07.12"]
[Round "3.4"]
[White "Noe, Christopher"]
[Black "Paszewski, Mateusz"]
[Result "1/2-1/2"]
[WhiteElo "2527"]
[BlackElo "2280"]
[EventDate "2021.07.10"]
[PlyCount "75"]
[LiveChessVersion "1.4.8"]

1.d4 {[%clk 1:30:56]} 1...d5 {[%clk 1:30:47]} 2.c4 {[%clk 1:31:18]} 2...e6
{[%clk 1:31:13]} 3.Nc3 {[%clk 1:29:55]} 3...Nf6 {[%clk 1:30:52]} 4.e3 {[%clk
1:30:18]} 4...b6 {[%clk 1:30:08]} 5.cxd5 {[%clk 1:27:54]} 5...exd5 {[%clk
1:29:49]} 6.Bb5+ {[%clk 1:27:52]} 6...c6 {[%clk 1:27:25]} 7.Bd3 {[%clk 1:28:16]}
7...Bd6 {[%clk 1:25:49]} 8.Nf3 {[%clk 1:28:38]} 8...O-O {[%clk 1:25:15]} 9.O-O
{[%clk 1:24:11]} 9...Re8 {[%clk 1:19:19]} 10.b3 {[%clk 1:21:32]} 10...Bb7
{[%clk 1:14:40]} 11.Bb2 {[%clk 1:20:47]} 11...Nbd7 {[%clk 1:14:40]} 12.Qe2
{[%clk 1:14:39]} 12...a6 {[%clk 0:51:30]} 13.Qc2 {[%clk 1:03:33]} 13...Qe7
{[%clk 0:50:14]} 14.Bf5 {[%clk 1:01:55]} 14...Rad8 {[%clk 0:37:07]} 15.Rac1
{[%clk 0:53:07]} 15...g6 {[%clk 0:34:57]} 16.Bh3 {[%clk 0:52:52]} 16...h5
{[%clk 0:33:59]} 17.Rfe1 {[%clk 0:52:05]} 17...Ne4 {[%clk 0:20:55]} 18.Nxe4
{[%clk 0:49:18]} 18...dxe4 {[%clk 0:19:20]} 19.Nd2 {[%clk 0:47:33]} 19...b5
{[%clk 0:18:23]} 20.f3 {[%clk 0:28:02]} 20...exf3 {[%clk 0:17:32]} 21.Nxf3
{[%clk 0:28:29]} 21...f5 {[%clk 0:16:33]} 22.e4 {[%clk 0:24:01]} 22...fxe4
{[%clk 0:15:20]} 23.Ne5 {[%clk 0:17:06]} 23...Nxe5 {[%clk 0:02:18]} 24.dxe5
{[%clk 0:15:39]} 24...Bb4 {[%clk 0:02:14]} 25.Qxe4 {[%clk 0:10:06]} 25...Kh7
{[%clk 0:01:48]} 26.Rf1 {[%clk 0:07:10]} 26...c5 {[%clk 0:01:56]} 27.Qb1 {[%clk
0:06:02]} 27...Rf8 {[%clk 0:01:59]} 28.Rxf8 {[%clk 0:03:22]} 28...Rxf8 {[%clk
0:02:28]} 29.Rd1 {[%clk 0:02:20]} 29...Rd8 {[%clk 0:02:50]} 30.Rxd8 {[%clk
0:01:49]} 30...Qxd8 {[%clk 0:03:20]} 31.Qf1 {[%clk 0:02:03]} 31...Qd2 {[%clk
0:02:07]} 32.Qf7+ {[%clk 0:00:46]} 32...Kh6 {[%clk 0:02:36]} 33.Qf8+ {[%clk
0:00:47]} 33...Kh7 {[%clk 0:03:04]} 34.Qf7+ {[%clk 0:00:38]} 34...Kh6 {[%clk
0:03:34]} 35.Qf2 {[%clk 0:00:37]} 35...c4 {[%clk 0:02:21]} 36.Qxd2+ {[%clk
0:00:50]} 36...Bxd2 {[%clk 0:02:50]} 37.bxc4 {[%clk 0:01:05]} 37...bxc4 {[%clk
0:03:19]} 38.Bd7 {[%clk 0:01:07]} 1/2-1/2

[Event "Najdorf Memorial"]
[Site "Warsaw POL"]
[Date "2021.07.12"]
[Round "3.5"]
[White "Luberanski, Jakub"]
[Black "Rozentalis, Eduardas"]
[Result "0-1"]
[WhiteElo "2274"]
[BlackElo "2526"]
[EventDate "2021.07.10"]
[PlyCount "120"]
[LiveChessVersion "1.4.8"]

1.d4 {[%clk 1:30:57]} 1...Nf6 {[%clk 1:30:49]} 2.c4 {[%clk 1:31:24]} 2...e6
{[%clk 1:31:14]} 3.Nc3 {[%clk 1:31:51]} 3...Bb4 {[%clk 1:31:40]} 4.Qc2 {[%clk
1:32:17]} 4...d6 {[%clk 1:28:11]} 5.Nf3 {[%clk 1:31:18]} 5...Nbd7 {[%clk
1:27:52]} 6.Bd2 {[%clk 1:22:59]} 6...b6 {[%clk 1:24:21]} 7.e4 {[%clk 1:17:09]}
7...Bb7 {[%clk 1:19:11]} 8.Bd3 {[%clk 1:17:24]} 8...e5 {[%clk 1:18:54]} 9.d5
{[%clk 1:15:41]} 9...Nc5 {[%clk 1:17:14]} 10.a3 {[%clk 1:12:58]} 10...Bxc3
{[%clk 1:17:21]} 11.Bxc3 {[%clk 1:13:24]} 11...O-O {[%clk 1:17:00]} 12.b4
{[%clk 1:12:19]} 12...Nxd3+ {[%clk 1:16:05]} 13.Qxd3 {[%clk 1:12:46]} 13...Nh5
{[%clk 1:12:22]} 14.O-O {[%clk 1:07:46]} 14...Nf4 {[%clk 1:04:43]} 15.Qc2
{[%clk 1:04:18]} 15...Qd7 {[%clk 1:00:12]} 16.Ne1 {[%clk 0:57:50]} 16...f5
{[%clk 0:59:07]} 17.f3 {[%clk 0:48:43]} 17...fxe4 {[%clk 0:57:59]} 18.Qxe4
{[%clk 0:45:45]} 18...b5 {[%clk 0:48:16]} 19.g3 {[%clk 0:43:09]} 19...Nh3+
{[%clk 0:46:59]} 20.Kg2 {[%clk 0:40:09]} 20...Ng5 {[%clk 0:43:39]} 21.Qh4
{[%clk 0:35:08]} 21...h6 {[%clk 0:43:01]} 22.Rd1 {[%clk 0:28:38]} 22...bxc4
{[%clk 0:35:23]} 23.Qxc4 {[%clk 0:26:47]} 23...Rf7 {[%clk 0:34:31]} 24.Bd2
{[%clk 0:16:05]} 24...Nh7 {[%clk 0:30:30]} 25.Be3 {[%clk 0:15:10]} 25...a6
{[%clk 0:28:47]} 26.Qb3 {[%clk 0:12:38]} 26...Raf8 {[%clk 0:26:52]} 27.Rf2
{[%clk 0:11:43]} 27...Nf6 {[%clk 0:24:02]} 28.Kg1 {[%clk 0:09:11]} 28...e4
{[%clk 0:19:39]} 29.f4 {[%clk 0:07:22]} 29...Qf5 {[%clk 0:15:02]} 30.Rfd2
{[%clk 0:06:50]} 30...Qh5 {[%clk 0:14:25]} 31.Nc2 {[%clk 0:05:11]} 31...Ng4
{[%clk 0:13:26]} 32.Re1 {[%clk 0:04:00]} 32...g5 {[%clk 0:12:04]} 33.Qc3 {[%clk
0:01:43]} 33...Nf6 {[%clk 0:07:12]} 34.Qc4 {[%clk 0:00:32]} 34...gxf4 {[%clk
0:07:15]} 35.Bxf4 {[%clk 0:00:53]} 35...Nxd5 {[%clk 0:06:30]} 36.Ne3 {[%clk
0:00:51]} 36...Nxe3 {[%clk 0:03:24]} 37.Rxe3 {[%clk 0:00:58]} 37...Kh7 {[%clk
0:03:49]} 38.Qd4 {[%clk 0:00:57]} 38...Qg4 {[%clk 0:03:19]} 39.Rg2 {[%clk
0:00:42]} 39...Rg8 {[%clk 0:03:14]} 40.Qd2 {[%clk 0:30:41]} 40...Qf5 {[%clk
0:32:49]} 41.Kh1 {[%clk 0:29:33]} 41...Qf6 {[%clk 0:28:27]} 42.Rg1 {[%clk
0:27:46]} 42...Rg4 {[%clk 0:20:55]} 43.Rd1 {[%clk 0:23:49]} 43...Rfg7 {[%clk
0:19:46]} 44.Qd4 {[%clk 0:21:11]} 44...Qg6 {[%clk 0:18:50]} 45.Rf1 {[%clk
0:20:17]} 45...Qh5 {[%clk 0:18:31]} 46.Rf2 {[%clk 0:18:53]} 46...R4g6 {[%clk
0:16:27]} 47.Rd2 {[%clk 0:16:37]} 47...Rf7 {[%clk 0:16:16]} 48.Rf2 {[%clk
0:15:12]} 48...Rgf6 {[%clk 0:16:07]} 49.Rc2 {[%clk 0:13:37]} 49...Rf5 {[%clk
0:15:32]} 50.Rf2 {[%clk 0:08:29]} 50...Qg4 {[%clk 0:12:40]} 51.Rf1 {[%clk
0:07:53]} 51...Qg6 {[%clk 0:12:26]} 52.Qa7 {[%clk 0:07:05]} 52...Rb5 {[%clk
0:07:22]} 53.Rc1 {[%clk 0:06:32]} 53...Qe6 {[%clk 0:07:16]} 54.Qd4 {[%clk
0:06:31]} 54...Rd5 {[%clk 0:05:43]} 55.Qa7 {[%clk 0:05:45]} 55...c5 {[%clk
0:05:04]} 56.bxc5 {[%clk 0:04:10]} 56...Rd2 {[%clk 0:04:50]} 57.Rg1 {[%clk
0:01:57]} 57...Bd5 {[%clk 0:02:10]} 58.Qxa6 {[%clk 0:01:54]} 58...Qh3 {[%clk
0:02:17]} 59.g4 {[%clk 0:02:17]} 59...Rxf4 {[%clk 0:02:32]} 60.Qa7+ {[%clk
0:02:06]} 60...Kg6 {[%clk 0:02:37]} 0-1

[Event "Najdorf Memorial"]
[Site "Warsaw POL"]
[Date "2021.07.12"]
[Round "3.6"]
[White "Gumularz, Szymon"]
[Black "Czopor, Maciej"]
[Result "1/2-1/2"]
[WhiteElo "2515"]
[BlackElo "2279"]
[EventDate "2021.07.10"]
[PlyCount "89"]
[LiveChessVersion "1.4.8"]

1.d4 {[%clk 1:30:55]} 1...Nf6 {[%clk 1:30:55]} 2.c4 {[%clk 1:31:17]} 2...e6
{[%clk 1:31:18]} 3.Nf3 {[%clk 1:31:39]} 3...b6 {[%clk 1:31:25]} 4.g3 {[%clk
1:31:46]} 4...Bb7 {[%clk 1:31:35]} 5.Bg2 {[%clk 1:32:03]} 5...Be7 {[%clk
1:31:47]} 6.O-O {[%clk 1:32:02]} 6...O-O {[%clk 1:32:10]} 7.Nc3 {[%clk 1:31:58]}
7...Ne4 {[%clk 1:32:18]} 8.Bd2 {[%clk 1:31:15]} 8...d6 {[%clk 1:19:27]} 9.d5
{[%clk 1:25:23]} 9...exd5 {[%clk 1:08:58]} 10.cxd5 {[%clk 1:24:56]} 10...Nxd2
{[%clk 1:09:05]} 11.Qxd2 {[%clk 1:25:21]} 11...a5 {[%clk 1:09:15]} 12.Nd4
{[%clk 1:24:35]} 12...Bf6 {[%clk 1:08:42]} 13.Rac1 {[%clk 1:17:35]} 13...Na6
{[%clk 1:06:58]} 14.Nc6 {[%clk 1:10:26]} 14...Bxc6 {[%clk 1:00:18]} 15.dxc6
{[%clk 1:10:51]} 15...Bxc3 {[%clk 1:00:27]} 16.Rxc3 {[%clk 1:05:55]} 16...Qf6
{[%clk 0:58:37]} 17.a3 {[%clk 1:04:03]} 17...Nc5 {[%clk 0:56:11]} 18.b4 {[%clk
1:00:43]} 18...axb4 {[%clk 0:56:32]} 19.axb4 {[%clk 1:01:09]} 19...Ne6 {[%clk
0:56:27]} 20.Bd5 {[%clk 0:57:10]} 20...Ra4 {[%clk 0:54:47]} 21.Rb1 {[%clk
0:55:18]} 21...Rfa8 {[%clk 0:52:30]} 22.Kg2 {[%clk 0:44:29]} 22...Ra3 {[%clk
0:45:12]} 23.Rxa3 {[%clk 0:28:22]} 23...Rxa3 {[%clk 0:45:17]} 24.Rd1 {[%clk
0:26:02]} 24...g6 {[%clk 0:40:56]} 25.h4 {[%clk 0:25:47]} 25...Qe5 {[%clk
0:39:48]} 26.e3 {[%clk 0:23:10]} 26...Ng7 {[%clk 0:35:00]} 27.Qd4 {[%clk
0:17:06]} 27...Nf5 {[%clk 0:25:44]} 28.Qxe5 {[%clk 0:08:57]} 28...dxe5 {[%clk
0:26:04]} 29.g4 {[%clk 0:07:18]} 29...Nd6 {[%clk 0:25:26]} 30.Kf3 {[%clk
0:06:57]} 30...Kf8 {[%clk 0:25:06]} 31.g5 {[%clk 0:06:16]} 31...Ke7 {[%clk
0:24:09]} 32.Kg4 {[%clk 0:06:25]} 32...Ra4 {[%clk 0:23:31]} 33.Rb1 {[%clk
0:06:50]} 33...Nb5 {[%clk 0:20:46]} 34.Rb3 {[%clk 0:06:31]} 34...Na3 {[%clk
0:19:03]} 35.e4 {[%clk 0:04:24]} 35...Nb5 {[%clk 0:19:15]} 36.f4 {[%clk
0:02:26]} 36...exf4 {[%clk 0:15:33]} 37.Kxf4 {[%clk 0:02:51]} 37...Ra1 {[%clk
0:10:30]} 38.Rd3 {[%clk 0:01:34]} 38...Rf1+ {[%clk 0:08:49]} 39.Kg4 {[%clk
0:01:57]} 39...Rg1+ {[%clk 0:07:28]} 40.Kf4 {[%clk 0:32:26]} 40...Rf1+ {[%clk
0:35:07]} 41.Kg4 {[%clk 0:26:00]} 41...Rg1+ {[%clk 0:31:33]} 42.Kh3 {[%clk
0:17:37]} 42...Rc1 {[%clk 0:31:00]} 43.Kg2 {[%clk 0:16:12]} 43...Rc3 {[%clk
0:24:10]} 44.Rd2 {[%clk 0:15:26]} 44...Na3 {[%clk 0:22:47]} 45.Kg1 {[%clk
0:10:18]} 1/2-1/2

[Event "Najdorf Memorial"]
[Site "Warsaw POL"]
[Date "2021.07.12"]
[Round "3.7"]
[White "Zochowski, Kacper"]
[Black "Kosakowski, Jakub"]
[Result "0-1"]
[WhiteElo "2262"]
[BlackElo "2417"]
[EventDate "2021.07.10"]
[PlyCount "78"]
[LiveChessVersion "1.4.8"]

1.Nf3 {[%clk 1:26:16]} 1...Nf6 {[%clk 1:30:31]} 2.c4 {[%clk 1:26:39]} 2...e6
{[%clk 1:30:14]} 3.g3 {[%clk 1:26:57]} 3...d5 {[%clk 1:30:35]} 4.Bg2 {[%clk
1:27:23]} 4...dxc4 {[%clk 1:30:43]} 5.Qa4+ {[%clk 1:27:30]} 5...Nbd7 {[%clk
1:31:03]} 6.Qxc4 {[%clk 1:27:46]} 6...a6 {[%clk 1:30:34]} 7.Qb3 {[%clk 1:20:18]}
7...c5 {[%clk 1:27:18]} 8.d3 {[%clk 1:17:07]} 8...Ra7 {[%clk 1:18:10]} 9.a4
{[%clk 1:15:18]} 9...b6 {[%clk 1:15:42]} 10.Na3 {[%clk 1:12:37]} 10...Bb7
{[%clk 1:12:18]} 11.Nc4 {[%clk 1:09:59]} 11...Nd5 {[%clk 1:07:36]} 12.Bg5
{[%clk 1:05:36]} 12...Qa8 {[%clk 1:05:24]} 13.e4 {[%clk 0:50:04]} 13...h6
{[%clk 1:04:04]} 14.Bd2 {[%clk 0:43:40]} 14...Nb4 {[%clk 1:03:14]} 15.O-O
{[%clk 0:41:11]} 15...Be7 {[%clk 1:03:32]} 16.Rfc1 {[%clk 0:33:50]} 16...O-O
{[%clk 0:55:11]} 17.Be3 {[%clk 0:33:07]} 17...a5 {[%clk 0:42:18]} 18.Re1 {[%clk
0:31:16]} 18...Rd8 {[%clk 0:35:26]} 19.Rad1 {[%clk 0:30:34]} 19...Bc6 {[%clk
0:34:31]} 20.Nfd2 {[%clk 0:25:06]} 20...Bf6 {[%clk 0:21:10]} 21.Nb1 {[%clk
0:23:47]} 21...Ne5 {[%clk 0:15:35]} 22.Nxe5 {[%clk 0:07:26]} 22...Bxe5 {[%clk
0:15:59]} 23.Bf1 {[%clk 0:07:32]} 23...Rad7 {[%clk 0:15:42]} 24.Na3 {[%clk
0:05:42]} 24...Bd4 {[%clk 0:14:22]} 25.Nc4 {[%clk 0:05:56]} 25...Qa7 {[%clk
0:14:37]} 26.e5 {[%clk 0:01:14]} 26...b5 {[%clk 0:10:53]} 27.axb5 {[%clk
0:01:06]} 27...a4 {[%clk 0:11:17]} 28.Qa3 {[%clk 0:01:25]} 28...Nc2 {[%clk
0:10:34]} 29.bxc6 {[%clk 0:00:48]} 29...Nxa3 {[%clk 0:10:59]} 30.bxa3 {[%clk
0:00:57]} 30...Rc7 {[%clk 0:10:26]} 31.Bxd4 {[%clk 0:01:06]} 31...Rxd4 {[%clk
0:10:07]} 32.Bg2 {[%clk 0:01:28]} 32...Qa6 {[%clk 0:10:15]} 33.Rb1 {[%clk
0:01:16]} 33...Rxc6 {[%clk 0:09:37]} 34.Bxc6 {[%clk 0:00:50]} 34...Qxc6 {[%clk
0:10:03]} 35.Re3 {[%clk 0:01:14]} 35...Qd5 {[%clk 0:10:09]} 36.Nb6 Qa2 {[%clk
0:10:24]} 37.Ree1 {[%clk 0:01:13]} 37...Qxa3 {[%clk 0:10:27]} 38.Ra1 {[%clk
0:01:38]} 38...Qb3 {[%clk 0:10:38]} 39.Reb1 {[%clk 0:01:43]} 39...Qxd3 {[%clk
0:11:03]} 0-1

[Event "Najdorf Memorial"]
[Site "Warsaw POL"]
[Date "2021.07.12"]
[Round "3.8"]
[White "Romanishin, Oleg M"]
[Black "Malicka, Maria"]
[Result "0-1"]
[WhiteElo "2404"]
[BlackElo "2272"]
[EventDate "2021.07.10"]
[PlyCount "94"]
[LiveChessVersion "1.4.8"]

1.Nf3 {[%clk 1:28:33]} 1...Nf6 {[%clk 1:30:39]} 2.g3 {[%clk 1:28:35]} 2...b5
{[%clk 1:31:01]} 3.Bg2 {[%clk 1:29:00]} 3...Bb7 {[%clk 1:31:28]} 4.O-O {[%clk
1:29:23]} 4...e6 {[%clk 1:31:43]} 5.d3 {[%clk 1:29:47]} 5...c5 {[%clk 1:32:01]}
6.e4 {[%clk 1:25:11]} 6...d6 {[%clk 1:32:24]} 7.Re1 {[%clk 1:24:06]} 7...Be7
{[%clk 1:32:29]} 8.e5 {[%clk 1:08:58]} 8...dxe5 {[%clk 1:26:56]} 9.Nxe5 {[%clk
1:09:21]} 9...Bxg2 {[%clk 1:27:14]} 10.Kxg2 {[%clk 1:09:44]} 10...Qd5+ {[%clk
1:25:37]} 11.Qf3 {[%clk 1:08:42]} 11...Qxf3+ {[%clk 1:21:26]} 12.Kxf3 {[%clk
1:08:32]} 12...Nfd7 {[%clk 1:19:58]} 13.c3 {[%clk 1:01:03]} 13...Nxe5+ {[%clk
1:17:09]} 14.Rxe5 {[%clk 1:01:27]} 14...Nc6 {[%clk 1:16:15]} 15.Re1 {[%clk
1:01:41]} 15...O-O-O {[%clk 1:11:20]} 16.Ke2 {[%clk 0:59:33]} 16...Rd5 {[%clk
1:06:56]} 17.Na3 {[%clk 0:57:45]} 17...b4 {[%clk 1:01:56]} 18.Nc4 {[%clk
0:38:47]} 18...Rhd8 {[%clk 1:01:53]} 19.Rd1 {[%clk 0:27:26]} 19...Bf6 {[%clk
0:47:50]} 20.Bd2 {[%clk 0:26:32]} 20...Rxd3 {[%clk 0:44:22]} 21.cxb4 {[%clk
0:25:14]} 21...cxb4 {[%clk 0:42:32]} 22.Be3 {[%clk 0:24:10]} 22...Rxd1 {[%clk
0:42:06]} 23.Rxd1 {[%clk 0:24:38]} 23...Bd4 {[%clk 0:35:34]} 24.Rc1 {[%clk
0:20:43]} 24...Kb7 {[%clk 0:34:16]} 25.f4 {[%clk 0:20:49]} 25...Rd5 {[%clk
0:31:02]} 26.Bd2 {[%clk 0:20:22]} 26...a5 {[%clk 0:27:02]} 27.b3 {[%clk
0:20:27]} 27...Ba7 {[%clk 0:22:41]} 28.Be3 {[%clk 0:20:28]} 28...Bxe3 {[%clk
0:18:19]} 29.Kxe3 {[%clk 0:20:53]} 29...f6 {[%clk 0:14:24]} 30.g4 {[%clk
0:20:30]} 30...Ka6 {[%clk 0:10:25]} 31.h4 {[%clk 0:16:25]} 31...h5 {[%clk
0:08:43]} 32.Nd2 {[%clk 0:12:39]} 32...Kb5 {[%clk 0:07:02]} 33.g5 {[%clk
0:12:43]} 33...Nd4 {[%clk 0:04:14]} 34.Rc7 {[%clk 0:07:51]} 34...Nf5+ {[%clk
0:03:57]} 35.Ke2 {[%clk 0:08:14]} 35...Rd4 {[%clk 0:01:34]} 36.Nc4 {[%clk
0:06:13]} 36...Rxf4 {[%clk 0:01:39]} 37.Ra7 {[%clk 0:05:29]} 37...Rxh4 {[%clk
0:00:53]} 38.Rxa5+ {[%clk 0:04:57]} 38...Kc6 {[%clk 0:01:22]} 39.gxf6 {[%clk
0:04:25]} 39...gxf6 {[%clk 0:01:51]} 40.Kf3 {[%clk 0:33:30]} 40...Nd4+ {[%clk
0:31:06]} 41.Ke3 {[%clk 0:33:50]} 41...Nf5+ {[%clk 0:29:44]} 42.Kf3 {[%clk
0:29:50]} 42...e5 {[%clk 0:29:31]} 43.Ra8 {[%clk 0:24:28]} 43...Rf4+ {[%clk
0:27:26]} 44.Kg2 {[%clk 0:24:01]} 44...Kc5 {[%clk 0:24:42]} 45.Rd8 {[%clk
0:23:50]} 45...h4 {[%clk 0:23:05]} 46.Kh3 {[%clk 0:20:14]} 46...e4 {[%clk
0:17:57]} 47.Rf8 {[%clk 0:18:17]} 47...Nd6 {[%clk 0:15:58]} 0-1

[Event "Najdorf Memorial"]
[Site "Warsaw POL"]
[Date "2021.07.12"]
[Round "3.9"]
[White "Chmiel, Marcin"]
[Black "Licznerski, Lukasz"]
[Result "1/2-1/2"]
[WhiteElo "2237"]
[BlackElo "2400"]
[EventDate "2021.07.10"]
[PlyCount "124"]
[LiveChessVersion "1.4.8"]

1.c4 {[%clk 1:30:44]} 1...c5 {[%clk 1:27:28]} 2.g3 {[%clk 1:31:04]} 2...g6
{[%clk 1:27:36]} 3.Bg2 {[%clk 1:31:23]} 3...Bg7 {[%clk 1:28:03]} 4.Nc3 {[%clk
1:31:42]} 4...Nf6 {[%clk 1:26:24]} 5.Nf3 {[%clk 1:31:35]} 5...O-O {[%clk
1:26:44]} 6.d4 {[%clk 1:31:46]} 6...cxd4 {[%clk 1:27:09]} 7.Nxd4 {[%clk
1:32:06]} 7...Nc6 {[%clk 1:27:36]} 8.O-O {[%clk 1:32:22]} 8...Qa5 {[%clk
1:27:56]} 9.Nb3 {[%clk 1:32:42]} 9...Qh5 {[%clk 1:28:20]} 10.c5 {[%clk 1:33:02]}
10...a5 {[%clk 1:28:04]} 11.e4 {[%clk 1:33:18]} 11...d6 {[%clk 0:47:58]}
12.cxd6 {[%clk 1:26:29]} 12...exd6 {[%clk 0:48:19]} 13.Qxh5 {[%clk 1:01:10]}
13...Nxh5 {[%clk 0:48:07]} 14.a4 {[%clk 0:57:40]} 14...Be6 {[%clk 0:43:12]}
15.Nd5 {[%clk 0:57:07]} 15...Bxd5 {[%clk 0:29:24]} 16.exd5 {[%clk 0:53:56]}
16...Nd4 {[%clk 0:29:10]} 17.Nxd4 {[%clk 0:53:31]} 17...Bxd4 {[%clk 0:29:37]}
18.Rd1 {[%clk 0:49:23]} 18...Bc5 {[%clk 0:28:59]} 19.Bd2 {[%clk 0:48:15]}
19...Nf6 {[%clk 0:19:17]} 20.Bf3 {[%clk 0:43:18]} 20...Nd7 {[%clk 0:16:54]}
21.Re1 {[%clk 0:41:44]} 21...Bd4 {[%clk 0:13:57]} 22.Bf4 {[%clk 0:31:35]}
22...Bxb2 {[%clk 0:10:08]} 23.Rab1 {[%clk 0:29:38]} 23...Be5 {[%clk 0:10:16]}
24.Bxe5 {[%clk 0:23:23]} 24...Nxe5 {[%clk 0:10:45]} 25.Be2 {[%clk 0:23:38]}
25...Rfe8 {[%clk 0:08:28]} 26.Kg2 {[%clk 0:20:24]} 26...Nd7 {[%clk 0:07:35]}
27.Bb5 {[%clk 0:19:34]} 27...Rxe1 {[%clk 0:07:48]} 28.Rxe1 {[%clk 0:20:02]}
28...Nc5 {[%clk 0:08:17]} 29.f4 {[%clk 0:18:59]} 29...Kf8 {[%clk 0:08:09]}
30.Re3 {[%clk 0:18:27]} 30...f5 {[%clk 0:06:52]} 31.g4 {[%clk 0:15:16]}
31...fxg4 {[%clk 0:04:24]} 32.Kg3 {[%clk 0:15:41]} 32...h5 {[%clk 0:03:18]}
33.Kh4 {[%clk 0:15:44]} 33...Kf7 {[%clk 0:02:35]} 34.Kg5 {[%clk 0:15:30]}
34...Rf8 {[%clk 0:02:55]} 35.f5 {[%clk 0:12:55]} 35...gxf5 {[%clk 0:03:21]}
36.Kxf5 {[%clk 0:13:18]} 36...Rg8 {[%clk 0:03:00]} 37.Be2 {[%clk 0:12:18]}
37...Rg6 {[%clk 0:02:02]} 38.h3 {[%clk 0:11:05]} 38...Rf6+ {[%clk 0:00:57]}
39.Kg5 {[%clk 0:11:33]} 39...Rg6+ {[%clk 0:01:16]} 40.Kf5 {[%clk 0:41:38]}
40...Rf6+ {[%clk 0:30:33]} 41.Kg5 {[%clk 0:41:41]} 41...Kg7 {[%clk 0:08:31]}
42.hxg4 {[%clk 0:40:58]} 42...hxg4 {[%clk 0:09:00]} 43.Bxg4 {[%clk 0:40:47]}
43...Rf7 {[%clk 0:08:44]} 44.Bh5 {[%clk 0:38:53]} 44...Rc7 {[%clk 0:07:37]}
45.Kf5 {[%clk 0:37:23]} 45...Rc8 {[%clk 0:03:11]} 46.Re7+ {[%clk 0:35:18]}
46...Kh6 {[%clk 0:03:38]} 47.Be8 {[%clk 0:35:12]} 47...Nd3 {[%clk 0:01:57]}
48.Ke6 {[%clk 0:31:35]} 48...Rd8 {[%clk 0:00:35]} 49.Bd7 {[%clk 0:31:16]}
49...b5 {[%clk 0:00:42]} 50.axb5 {[%clk 0:26:44]} 50...a4 {[%clk 0:01:11]}
51.Bc6 {[%clk 0:25:07]} 51...Nc5+ {[%clk 0:00:57]} 52.Kf7 {[%clk 0:25:17]}
52...Kg5 {[%clk 0:00:35]} 53.Ra7 {[%clk 0:25:15]} 53...Rh8 {[%clk 0:00:45]}
54.b6 {[%clk 0:18:18]} 54...Rb8 {[%clk 0:01:08]} 55.b7 {[%clk 0:17:34]}
55...Kf5 {[%clk 0:01:10]} 56.Ra8 {[%clk 0:16:20]} 56...Rxb7+ {[%clk 0:01:15]}
57.Bxb7 {[%clk 0:16:44]} 57...Nxb7 {[%clk 0:01:42]} 58.Rxa4 {[%clk 0:15:46]}
58...Ke5 {[%clk 0:02:07]} 59.Rb4 {[%clk 0:15:06]} 59...Nc5 {[%clk 0:02:29]}
60.Ke7 {[%clk 0:14:23]} 60...Kxd5 {[%clk 0:02:57]} 61.Rb6 {[%clk 0:14:34]}
61...Ne4 {[%clk 0:03:08]} 62.Rxd6+ {[%clk 0:12:07]} 62...Nxd6 {[%clk 0:03:36]} 1/2-1/2